| 000 | 00869nas a2200289 4500 | ||
|---|---|---|---|
| 001 | BR9902905 | ||
| 003 | BR-BrBNA | ||
| 005 | 20231205101440.0 | ||
| 007 | ta | ||
| 008 | 230509b bl.|||p| |||| 00| 00por d | ||
| 040 |
_aBR-BrBNA _bpor _cBiblioteca Nacional de Agricultura |
||
| 041 | _a(Pt) | ||
| 072 | _aF02 | ||
| 100 | 1 | _aPrati, P. | |
| 100 | 1 | _aMourao Filho, F. de A.A. | |
| 100 | 1 | _aDias, C.T. dos S. | |
| 100 | 1 | _aScarpare Filho, J.A. | |
| 245 | 1 | _aEstaquia semi-lenhosa: um metodo rapido e alternativo para a producao de mudas de lima acida "Tahiti" | |
| 650 | _aLima | ||
| 650 | _aMuda | ||
| 650 | _aPropagacao Vegetativa | ||
| 650 | _aVariedade | ||
| 650 | _aEstaca | ||
| 773 | 0 |
_tScientia Agricola (Brazil) _xISSN 0103-9016 _g(Jan-Mar 1999), v. 56(1) p. 185-190 _wBR9902905 |
|
| 909 |
_a202311 _bLúcia _c55 _dLúcia Elande |
||
| 942 |
_2AGRIS _n0 _cANA |
||
| 999 |
_c161920 _d161920 |
||